00589nam a22001457a 4500008004100000040005500041080001800096245004700114260007100161300001600232650001900248942001200267999001700279952014700296230502b |||||||| |||| 00| 0 eng d aNational Science LibrarycNational Science Library a54(081.1)bM8 aCollected works of Shanti Swarup Bhatnagar aNew Delhi: bCouncil of Scientific and Industrial Research, c1988 axvii, 887p. aCollected work 2udccBK c25811d25811 0010406540811_M870937880aNSLbNSLcGF/Rk-6/C-12/R-6d2006-05-01l1o54(081.1) M8p226483r2026-05-27 15:01:49s2026-05-04w2023-05-02yBK